AI : (Record no. 203873)

MARC details
000 -LEADER
fixed length control field 01208nam a2200313 ia4500
005 - DATE AND TIME OF LATEST TRANSACTION
control field 20260415161541.0
008 - FIXED-LENGTH DATA ELEMENTS--GENERAL INFORMATION
fixed length control field 260415t20252025my a br 000 0 eng d
020 ## - INTERNATIONAL STANDARD BOOK NUMBER
International Standard Book Number 9786294981188
Terms of availability RM19.95
Qualifying information paperback
040 ## - CATALOGING SOURCE
Original cataloging agency PPAK
Language of cataloging eng
Transcribing agency PPAK
Description conventions rda
082 04 - DEWEY DECIMAL CLASSIFICATION NUMBER
Edition number 23
Classification number 006.3076
090 00 - LOCALLY ASSIGNED LC-TYPE CALL NUMBER (OCLC); LOCAL CALL NUMBER (RLIN)
Classification number (OCLC) (R) ; Classification number, CALL (RLIN) (NR) 006.3076
Feature heading ART
Feature heading K
245 00 - TITLE STATEMENT
Title AI :
Remainder of title Artificial Intelligence.
Number of part/section of a work Book 2,
Name of part/section of a work Upper Primary /
Statement of responsibility, etc. EDITOR-IN-CHIEF: Wang Wanliang ; Edited by Melvin Lim
246 33 - VARYING FORM OF TITLE
Title proper/short title Artificial intelligence
264 #1 - PRODUCTION, PUBLICATION, DISTRIBUTION, MANUFACTURE, AND COPYRIGHT NOTICE
Place of production, publication, distribution, manufacture Johor Bahru, Johor :
Name of producer, publisher, distributor, manufacturer Penerbitan Pelangi Sdn. Bhd.,
Date of production, publication, distribution, manufacture, or copyright notice 2025
Date of production, publication, distribution, manufacture, or copyright notice ©2025
300 ## - PHYSICAL DESCRIPTION
Extent viii, 80 pages :
Other physical details colour illustrations ;
Dimensions 26 cm +
Accompanying material 1 activity book
336 ## - CONTENT TYPE
Content type term text
Source rdacontent
337 ## - MEDIA TYPE
Media type term unmediated
Source rdamedia
338 ## - CARRIER TYPE
Carrier type term volume
Source rdacarrier
500 ## - GENERAL NOTE
General note Includes Activity Book.
General note Includes questions and exercises.
521 2# - TARGET AUDIENCE NOTE
Target audience note Upper Primary Recommended for year 5 and 6.
650 10 - SUBJECT ADDED ENTRY--TOPICAL TERM
Topical term or geographic name entry element Artificial intelligence
Form subdivision Problems, exercises, etc.
Topical term or geographic name entry element Artificial intelligence
General subdivision Study and teaching (Primary)
Topical term or geographic name entry element Education, Primary
700 1# - ADDED ENTRY--PERSONAL NAME
Personal name Wang, Wanliang,
Relator term editor.
Personal name Lim, Melvin,
Relator term editor.
942 ## - ADDED ENTRY ELEMENTS (KOHA)
Source of classification or shelving scheme Dewey Decimal Classification
Koha item type Book
Holdings
Withdrawn Not for loan Current library Shelving location Date acquired Total Checkouts Full call number Barcode Date last seen Koha item type
    Perpustakaan Alor Setar Pinjaman Kanak-kanak 19/04/2026   K 006.3076 ART A01906292 19/04/2026 Book